| 000 -LEADER |
| fixed length control field |
00607nam a22002171 4500 |
| 001 - CONTROL NUMBER |
| control field |
755387 |
| 005 - DATE AND TIME OF LATEST TRANSACTION |
| control field |
20180122092410.0 |
| 008 - FIXED-LENGTH DATA ELEMENTS--GENERAL INFORMATION |
| fixed length control field |
740606s1967 nyuabc b 000 0 eng |
| 010 ## - LIBRARY OF CONGRESS CONTROL NUMBER |
| LC control number |
67023025 |
| 040 ## - CATALOGING SOURCE |
| Original cataloging agency |
DLC |
| Transcribing agency |
DLC |
| Modifying agency |
DLC |
| 041 ## - LANGUAGE CODE |
| Language code of text/sound track or separate title |
eng |
| 043 ## - GEOGRAPHIC AREA CODE |
| Geographic area code |
n-us--- |
| 080 ## - UNIVERSAL DECIMAL CLASSIFICATION NUMBER |
| Universal Decimal Classification number |
917.6 LAW |
| 082 00 - DEWEY DECIMAL CLASSIFICATION NUMBER |
| Classification number |
917.6 LAW |
| 100 1# - Rafti |
| Rafti |
42 |
| 101 ## - Shkurtesa |
| Shkurtesa |
GJE |
| 245 14 - TITLE STATEMENT |
| Title |
The South Central States: Arkansas, Louisiana, Oklahoma, Texas, |
| Statement of responsibility, etc |
by Lawrence Goodwyn and the editors of Time-Life Books. |
| 504 ## - BIBLIOGRAPHY, ETC. NOTE |
| Bibliography, etc |
Bibliography: p. 188. |
| 906 ## - LOCAL DATA ELEMENT F, LDF (RLIN) |
| a |
7 |
| b |
cbc |
| c |
orignew |
| d |
u |
| e |
ocip |
| f |
19 |
| g |
y-gencatlg |
| 942 ## - ADDED ENTRY ELEMENTS (KOHA) |
| Source of classification or shelving scheme |
|
| Item type |
Books |